Geometry Dash - Most Downloaded 2.0 Levels - Statistics

General Stats
  • This quiz has been taken 22 times
    5 since last reset
  • The average score is 10 of 20
Answer Stats
Publisher Difficulty ID Answer Downloads % Correct
Nicki1202 Hard 27732941 OuterSpace 143,100,000
100%
UsernameDefault Hard 28179535 Acid Factory 91,600,000
75%
Adiale Easy 26618473 Promises 68,000,000
75%
TriAxis Insane 12057578 Unity 46,000,000
75%
TriAxis Easy Demon 17235008 X 58,600,000
75%
Berkoo Hard 20635816 Amplification 84,200,000
50%
Roli GD Easy 11280109 Dark Paradise 90,100,000
50%
TriAxis Easy Demon 18735780 Dear Nostalgists 36,800,000
50%
Danolex Harder 28225110 Shock 54,600,000
50%
IcEDCave Extreme Demon 27690100 Slaughterhouse  35,100,000
50%
lSunix Extreme Demon 26681070 Sonic Wave 38,900,000
50%
TrusTa Extreme Demon 28220417 Yatagarasu  33,500,000
50%
aArbolito Hard 27080757 Almighty 31,400,000
25%
Adiale Hard 25886024 Anubis 32,800,000
25%
SirHadoken Normal 28255647 Chambers 61,300,000
25%
Stamina Harder 27483789 First Race 44,700,000
25%
SUOMI Normal 18533341 Infernal Arena 46,600,000
25%
Fault Hard 28200611 Overture 35,700,000
25%
Serponge Normal 26949498 Spooky Light 51,900,000
25%
Berkoo Normal 27319926 through time 36,900,000
25%
No matching quizzes found
Score Distribution
Percent of People with Each Score
Percentile by Number Answered
Your Score History
You have not taken this quiz since the last reset